BIBLIOTHÈQUE DE LA MAISON DU MEXIQUE

Logo 1 Logo 2

Las cabezas rodantes del mal (notice nᵒ 1258)

détails MARC
000 -Sello discográfico
campo de control de longitud fija 01016nam a2200313 4500
005 - Identificación de versión
campo de control 20251016082702.0
010 ## - Número Estándar Internacional de Libros (ISBN)
Número (ISBN) 968-842-232-0
035 ## - Otros números de control del sistema
Número de control del sistema 20940
099 ## - fechas locales
Tipo de ítem Koha LIBRO
100 ## - Datos de procesamiento general
Datos de procesamiento general 19961009d19911990m y1spay5003 ba
105 ## - Campo de datos codificados: Material textual, monográfico
Datos codificados de monografía y 001zy
200 1# - Título y mención de responsabilidad
Título propio Las cabezas rodantes del mal
Designación general del material texto impreso
Otra información del título brujería y nahualismo en los altos de Chiapas
Primer mención de responsabilidad Prudencio Moscoso Pastrana
205 ## - Declaración de edición
Declaración de edición 2a ed
210 ## - Publicación, distribución, etc.
Lugar de publicación, distribución, etc. México
Nombre del editor, distribuidor, etc. Gobierno del Estado de Chiapas : Miguel Angel Porrúa
Fecha de publicación, distribución, etc. 1991
215 ## - Descripción física
Designación de material específico y extensión del ítem 198 p
Dimensiones 21 cm
345 ## - Nota de información de adquisición
Fuente de adquisición/dirección de la suscripción [OBSOLETO] Intercambio
606 ## - Término temático usado como materia
Elemento de entrada Brujería
Subdivisión geográfica Chiapas (México)
Número Koha 3312
606 ## - Término temático usado como materia
Elemento de entrada Indios de México
Subdivisión temática Magia
Número Koha 2840
606 ## - Término temático usado como materia
Elemento de entrada Indios de México
Subdivisión temática Vida social y costumbres
Número Koha 833
660 ## - Código de área geográfica
Código MX
700 ## - Nombre personal - Responsabilidad primaria
Elemento de entrada Moscoso Pastrana
Parte del nombre distinta del elemento de entrada Prudencio
Número Koha 3313
801 #0 - Fuente de origen
Agencia cm
900 ## -
-- 1/13300
900 ## -
-- 710962796\\091096
942 ## - ELEMENTOS DE ENTRADA SECUNDARIOS (KOHA)
Tipo de ítem Koha Livre
996 ## -
-- MEX
-- 751145101
-- MMAG
-- 005629
-- 972.019 M894C
-- 20211222LIV
Exemplaires
Estatus retirado Estado de daño Estado de pérdida Fecha de adquisición Biblioteca de origen Biblioteca actual Ubicación en estantería Código de barras Precio de reemplazo Signatura topográfica completa No para préstamo Tipo de ítem Koha Nota pública Nota no pública
      05/08/2025 Casa México Paris Casa México Paris   005629 05/08/2025 972.019 M894C   Livre 20211222LIV 751145101